Normal view
MARC view
Entry Topical Term
001 - CONTROL NUMBER
- control field: 52898
003 - CONTROL NUMBER IDENTIFIER
- control field: OSt
005 - DATE AND TIME OF LATEST TRANSACTION
- control field: 20220722164652.0
008 - FIXED-LENGTH DATA ELEMENTS
- fixed length control field: 220722|| aca||aabn | a|a d
040 ## - CATALOGING SOURCE
- Original cataloging agency: OSt
- Transcribing agency: OSt
150 ## - HEADING--TOPICAL TERM
- Topical term or geographic name entry element: Famines
670 ## - SOURCE DATA FOUND
- Source citation: Work cat.: (OSt): Amartya Sen 52896, Public Action to Remedy Hunger, 1998